MARC

LEADER 00000nam0a2200000 4500
001 675322
005 20241009141946.0
090 |a 675322 
100 |a 20241009d1979 km|y0rusy50 ca 
101 0 |a rus 
102 |a RU 
105 |a y z 000yy 
181 0 |a i   |b  e  
182 0 |a n 
183 0 |a nc  |2 RDAcarrier 
200 1 |a Организация хозрасчета в производственном объединении по добыче угля  |f В. Т. Радченко 
203 |a Текст  |b визуальный  |c непосредственный 
210 |a Москва  |c Недра  |d 1979 
215 |a 160 с. 
225 1 |a Конкретная экономика для горняков 
283 |a volume  |2 RDAcarrier 
606 1 |a Угольная промышленность, объединения  |x Финансы  |9 79625 
610 1 |a уголь 
610 1 |a добыча 
610 1 |a угледобыча 
610 1 |a хозрасчет 
610 1 |a подразделения 
610 1 |a хозрасчетная самостоятельность 
675 |a 622.333.012:658.1  |v 4 
700 1 |a Радченко  |b В. Т.  |g Владимир Тимофеевич 
801 0 |a RU  |b 63413507  |c 20241009 
830 |a Ретро2024Каталогизация Шило 
850 |a 63413507 
942 |c BK